000 00624nam a22002177a 4500
005 20180626105439.0
010 _aENG-123287
020 _c425.00
_a9789352534319
035 _aEN-106819
037 _bDBAD/PUB
082 _a537
100 _aMurugeshan, R
245 _aElectricity and magnetism/
_cby R Murugeshan
250 _a10th ed
260 _aNew Delhi
_bS Chand Publishing
_c2017
270 _aRam Nagar.
_bNew Delhi
_e110055
300 _a478p.
_c24cm(pbk)
500 _aFor BSc Physics students of all Indian universities
500 _aIt includes index
942 _2ddc
_cEN
_mMUR
_h537
999 _c152936
_d152936